000 00708nam a2200217Ii 4500
003 JO-AjNU
008 230605s9999||||xx |||||||||||||| ||und||
017 _a206/2701
020 _a977-17-2998-5
040 _aJO-AjNU
_bara
_erda
_cJO-AjNU
041 _aara
050 1 4 _aBP100.2006
100 3 _aاعداد شعير، عبد المنعم كامل,
_eauthor
_944311
245 0 0 _aالإعجاز القرآني في الرسم العثماني
264 3 1 _aد.م: المؤلف، 2006
300 _a175ص
336 _atext
_btxt
_2rdacontent
337 _aunmediated
_bn
_2rdamedia
338 _avolume
_bnc
_2rdacarrier
650 4 _aالاعجاز القراني - الرسم العثماني
_944312
999 _aA19122
_c22690
_d22690